Hacia la consolidación de la paz /
সংরক্ষণ করুন:
| সংস্থা লেখক: | , |
|---|---|
| বিন্যাস: | পাঠ্য |
| প্রকাশিত: |
San José:
DIE
|
| ট্যাগগুলো: |
ট্যাগ যুক্ত করুন
কোনো ট্যাগ নেই, প্রথমজন হিসাবে ট্যাগ করুন!
|
MARC
| LEADER | 00000 a a2200000 04500 | ||
|---|---|---|---|
| 001 | 23550 | ||
| 003 | |||
| 040 | |||
| 090 | |a 164700 | ||
| 110 | |a Empresarios de la Microempresa de la Región Central de América, Comité Coordinador | ||
| 245 | |a Hacia la consolidación de la paz / |c Empresarios de la Microempresa de la Región Central de América, Comité Coordinador | ||
| 260 | |a San José: |b DIE | ||
| 300 | |a 172 p | ||
| 710 | |a COCEMI | ||
| 999 | |c 9854 |d 9854 | ||
